|
|
|
|
| LEADER |
01335nam a2200289 4500 |
| 001 |
33077 |
| 003 |
BD-DhAAL |
| 005 |
20180515155157.0 |
| 008 |
180515t2015 bg a|||| b||| 001 0 ben d |
| 999 |
|
|
|c 39332
|d 39332
|
| 020 |
|
|
|a 9789843393760
|
| 040 |
|
|
|a BD-DhAAL
|
| 041 |
|
|
|a BEN
|a ENG
|
| 082 |
|
|
|2 22
|a 954.9205092
|
| 100 |
|
|
|a বারকাত,আবুল
|9 25869
|
| 245 |
|
|
|a বঙ্গবন্ধু-সমতা-সাম্রাজ্যবাদ /
|c আবুল বারকাত
|
| 250 |
|
|
|a দ্বিতীয় মুদ্রণ
|
| 260 |
|
|
|a ঢাকা :
|b মুক্তবদ্ধি প্রকাশনা,
|c ২০১৫
|
| 300 |
|
|
|a ২৫২ পৃষ্ঠা :
|b চিত্র ;
|c ১৭ সে. মি.
|
| 504 |
|
|
|a বিবলিওগ্রাফী ও ইনডেক্স অন্তর্ভূক্ত
|
| 526 |
|
|
|a AAL
|
| 541 |
|
|
|a Development Book Agency
|e 33077
|
| 600 |
|
|
|a Mujibur Rahman,
|c Sheikh
|d 1920-1975
|x Political and social views
|9 25870
|
| 651 |
|
|
|a Bangladesh
|x Politics and government
|9 25871
|
| 852 |
|
|
|a Ayesha Abed Library
|c Bangabandhu Corner
|
| 942 |
|
|
|2 ddc
|c BK
|
| 952 |
|
|
|0 0
|1 0
|2 ddc
|4 0
|6 954_920509200000000_BAR
|7 0
|9 63290
|a BRACUL
|b BRACUL
|c BNC
|d 2018-05-13
|e Development Book Agency
|g 270.00
|l 0
|o 954.9205092 BAR
|p 3010033077
|r 2018-05-13
|t 1
|v 300.00
|w 2018-05-13
|y BK
|